00967nam a2200205Ia 4500008004100000020001500041041001200056082001600068100001500084245004600099250000800145260002500153300000800178650001600186942000700202999001500209952017100224952017100395952019500566221030s9999 xx 000 0 und d a0074632000 aEnglish a105.23bJai aR. P. Jain 0aModern Digital Electronicscby R. P. Jain a2nd bTMHaNew Delhic2000 a500 aBE Computer cBK c2511d2511 pBE 1337g170.00l0o105.23 Jair2024-06-13 00:00:00w2022-10-30yBK003Print4070aMIETLIBbMIETLIBcBL-Academic Block C, FL-2, CUP-93, SH-5, R-5d2000-04-2710HBE pBE 1334g170.00l0o105.23 Jair2024-06-13 00:00:00w2022-10-30yBK003Print4070aMIETLIBbMIETLIBcBL-Academic Block B, FL-1, CUP-93, SH-3, R-3d2000-04-2710HBE pBE 1335g170.00l1o105.23 Jaiq2023-07-24r2023-04-18 00:00:00s2023-04-18w2022-10-30yBK003Print4070aMIETLIBbMIETLIBcBL-Academic Block C, FL-2, CUP-93, SH-2, R-2d2000-04-2710HBE